000
00338nam a22001217a 4500
040
_c
SY
082
_a
604
100
_a
ក្សេត្រសាស្រ្ត
245
_a
កសិកម្មតំបន់ខ្ពង់រាប
260
_a
RUA
_b
ក្សេត្រសាស្រ្ត
_c
1997
300
_a
77p.
942
_c
KB
999
_c
9551
_d
9551